000
00357nam a2200133Ia 4500
008
231129s9999||||xx |||||||||||||| ||spa||
020
_a
968-880-180-1
040
_b
spa
082
_a
511 R823m
100
_a
Ross Kenneth A.
245
0
_a
Matematicas discretas
264
_a
Prentice-Hall ; Pearson
942
_2
ddc
_c
BKS
999
_c
20770
_d
20770